El empresario del genio (Registro nro. 297566)

Detalles MARC
000 -ENCABEZADO
Número de control [NR] 01100nam a22002297a 4500
005 - FECHA Y HORA DE LA ÚLTIMA TRANSACCIÓN
control field 20141106102027.0
008 - DE LONGITUD FIJA DE DATOS DE ELEMENTOS - INFORMACIÓN GENERAL
Elementos de longitud fija [NR] 141106n ag ||||fr|||| 00| 0 spa d
040 ## - FUENTE DE CATALOGACION [NR]
Quien Cataloga Sandra Yazo
Quien Clasifica Sandra Yazo
041 0# - CODIGO DE IDIOMA [R]
Código de idioma para texto/pista de sonido o título separado [R] Español
082 04 - NUMERO DE CLASIFICACION DECIMAL DEWEY [R]
Número de la edición [NR] 20
Número de clasificación [R] 863.5982
092 ## - SIGNATURA TOPOGRAFICA LOCAL
Número de clasificación local E34N009
100 1# - ASIENTO PRINCIPAL--NOMBRE PERSONAL [NR]
Nombre personal [NR] Leumann, Carlos Alberto
Fechas asociadas con el nombre [NR] 1887-
ID Autoridad 65722
245 10 - MENCION DE TITULO [NR]
Título [NR] El empresario del genio
Parte restante del título [NR] (Novela)
Mención de responsabilidad, etc. [NR] Carlos Alberto Leumann
260 ## - PUBLICACION, DISTRIBUCION, ETC. (PIE DE IMPRENTA) [R]
Lugar de publicación, distribución, etc. [R] Buenos Aires (Argentina)
Nombre del editor, distribuidor, etc. [R] Agencia general de librería y publicaciones Rivadavia
Fecha de publicación, distribución, etc. [R] [fecha desconocida]
300 ## - DESCRIPCION FISICA [R]
Extensión [R] 290 páginas
Dimensiones [R] 19 x 14 cm.
500 ## - NOTA GENERAL [R]
Nota general [NR] Detalles físicos: Encuadernación rígida en cartulina. Tapas y lomo con impresos, roturas y dobleces, residuos de cinta. Guardas Anteportada. Portada impresa en una sola tinta. Texto impreso en una sola columna, algunas notas al pie de página. Papel manchado. Bordes de hojas deterioradas. Empieza a desencuadernarse
506 ## - NOTA DE RESTRICCIONES DE ACCESO [R]
Condiciones de acceso [NR] Consulta en sala
650 #7 - ASIENTO SECUNDARIO DE MATERIA - TERMINO TEMATICO [R]
9 (RLIN) 20467
Término temático o nombre geográfico como elemento de entrada [NR] Novela argentina
650 #7 - ASIENTO SECUNDARIO DE MATERIA - TERMINO TEMATICO [R]
9 (RLIN) 18607
Término temático o nombre geográfico como elemento de entrada [NR] Literatura argentina
690 ## - ASUNTO AGREGADO LOCAL DE ENTRADA - TÉRMINO TEMÁTICO (OCLC, RLIN)
9 (RLIN) 42866
Acceso temático local Literatura latinoamericana
942 ## - ELEMENTOS DE ENTRADA AGREGADOS (KOHA)
Sistema de clasificación LOCAL
Tipo de ítem principal el descrito en 300a Libro
Edición 1
Clasificación E34N009
Existencias
Suprimido Perdido Sistema de clasificación Dañado No prestable Tipo de ítem específico Ubicación habitual Ubicación actual Localización Fecha de creación Forma de adquisición Costo Total préstamos Signatura topográfica Código de barras Última vez visto Ejemplar Price effective from Tipo de ítem
    LOCAL     Libro archivo Archivo Histórico Archivo Histórico Archivo histórico 06/11/2014 Donación 0.00   E34N009 L004696 06/11/2014 Ej.1 06/11/2014 Libro